| 000 | 00383nam a22001577a 4500 | ||
|---|---|---|---|
| 005 | 20250425022552.0 | ||
| 008 | 250425b |||||||| |||| 00| 0 eng d | ||
| 020 | _a9555511640 | ||
| 082 |
_a891 _222 |
||
| 100 | _aJayakody, Jayasena | ||
| 245 | _aNuraginna | ||
| 260 |
_aColombo _bDayawansa Jayakody & Company _c1998 |
||
| 300 | _a238 p ., | ||
| 500 | _aA Sinhala Novel | ||
| 942 | _cL | ||
| 999 |
_c6025 _d6025 |
||